Diseño de programas formativos

Sparad:
Bibliografiska uppgifter
Materialtyp: Bok
Språk:spanska
Publicerad: Barcelona Epise 2000
Upplaga:1a. ed
Ämnen:
Taggar: Lägg till en tagg
Inga taggar, Lägg till första taggen!

MARC

LEADER 00000nam a2200000 a 4500
001 UCH4655
003 CL-VaPUC
008 090827e20000300SP |||||||||||||||||spa|d
020 |a 8480883499 
082 0 4 |a 370.71  |b DIS  |2 21 
245 1 0 |a Diseño de programas formativos 
250 |a 1a. ed 
300 |a 144 p 
942 |c BK 
945 |d 20090827 00:00:00  |a dcastane 
260 |a Barcelona  |b Epise  |c 2000 
650 0 |a Docentes  |9 311365 
650 0 |a Formación de docentes  |9 329378 
650 7 |a CAPACITACION  |2 CL-VaPUC  |9 333907 
583 |a last modification  |c 20090827 00:00:00  |k Rodrigo Vera 
999 |c 335929  |d 335927 
952 |0 0  |1 0  |4 0  |6 370_710000000000000_DIS_2000  |7 0  |8 A  |9 426781  |a BIBEDU  |b BIBEDU  |c ES_NOD  |d 2019-11-22  |i 4594789  |o 370.71 DIS 2000  |p 4594789  |r 2023-08-09  |w 2019-11-22  |y BK  |k BME